| 000 | 00581nam a2200181Ia 4500 | ||
|---|---|---|---|
| 008 | 190805s9999||||xx |||||||||||||| ||und|| | ||
| 020 |
_a9788123923154 _cRs. 395.00 |
||
| 082 | 0 | 4 |
_a621.815021 _bM2772 |
| 100 | 1 | _aMahadevan, K. | |
| 245 | 1 | 0 |
_aDesign Data Handbook for Mechanical Engineers / _cK. Mahadevan and K Balaveera Reddy |
| 250 | _a4th ed. | ||
| 260 |
_aNew Delhi : _bCBS Publishers & Distributers, _c2017 |
||
| 300 |
_axiii, 497 p. _b : ill. _c; 24 cm. |
||
| 650 | 0 | _aMechanical Engineering | |
| 700 | 1 | _aReddy, K. Balaveera | |
| 942 | _cBK | ||
| 999 |
_c339 _d339 |
||